|
|
|
|
| LEADER |
01873nam a2200457 4500 |
| 001 |
ocn861528410 |
| 003 |
OCoLC |
| 005 |
20180501122013.0 |
| 006 |
m o d |
| 007 |
cr cn||||||||| |
| 008 |
130917s2013 enka ob 001 0 eng d |
| 040 |
|
|
|a E7B
|b eng
|e rda
|e pn
|c E7B
|d OCLCO
|d UIU
|d OPELS
|d N$T
|d OCLCO
|d OCLCF
|d OCLCQ
|d UAB
|d GrThAP
|
| 020 |
|
|
|a 9780124165977
|q (electronic bk.)
|
| 020 |
|
|
|a 0124165974
|q (electronic bk.)
|
| 020 |
|
|
|a 9780124165960
|
| 035 |
|
|
|a (OCoLC)861528410
|
| 050 |
|
4 |
|a QP519.9.S6
|b A38 2013eb
|
| 072 |
|
7 |
|a SCI
|x 007000
|2 bisacsh
|
| 082 |
0 |
4 |
|a 572/.36
|2 23
|
| 049 |
|
|
|a TEFA
|
| 245 |
0 |
0 |
|a Biomolecular spectroscopy :
|b advances from integrating experiments and theory /
|c edited by Christo Z. Christov.
|
| 250 |
|
|
|a First edition.
|
| 264 |
|
1 |
|a Oxford :
|b Elsevier,
|c 2013.
|
| 300 |
|
|
|a 1 online resource (349 pages) :
|b illustrations.
|
| 336 |
|
|
|a text
|b txt
|2 rdacontent
|
| 337 |
|
|
|a computer
|b c
|2 rdamedia
|
| 338 |
|
|
|a online resource
|b cr
|2 rdacarrier
|
| 490 |
1 |
|
|a Advances in protein chemistry and structural biology,
|x 1876-1623 ;
|v volume 93
|
| 504 |
|
|
|a Includes bibliographical references and indexes.
|
| 588 |
0 |
|
|a Online resource; title from PDF title page (ebrary, viewed September 17, 2013).
|
| 650 |
|
0 |
|a Biomolecules
|x Spectra.
|
| 650 |
|
0 |
|a Biomolecules
|x Analysis.
|
| 650 |
|
0 |
|a Molecular spectroscopy.
|
| 650 |
|
7 |
|a SCIENCE
|x Life Sciences
|x Biochemistry.
|2 bisacsh
|
| 650 |
|
7 |
|a Biomolecules
|x Analysis.
|2 fast
|0 (OCoLC)fst00832625
|
| 650 |
|
7 |
|a Biomolecules
|x Spectra.
|2 fast
|0 (OCoLC)fst00832634
|
| 650 |
|
7 |
|a Molecular spectroscopy.
|2 fast
|0 (OCoLC)fst01024838
|
| 655 |
|
4 |
|a Electronic books.
|
| 700 |
1 |
|
|a Christov, Christo Z.,
|e editor.
|
| 830 |
|
0 |
|a Advances in protein chemistry and structural biology ;
|v v. 93.
|
| 856 |
4 |
0 |
|u https://www.sciencedirect.com/science/bookseries/18761623/93
|z Full Text via HEAL-Link
|